000 00588nam a22001817a 4500
999 _c184038
_d184038
005 20220112103225.0
010 _aENG-131064
020 _a978-93-52-83-91-55
_c1165.00
035 _aEN-114596
037 _bDBAD
082 _a530
100 _aVivekanandan, P
245 _aISC Physics Book 2:
_cP. Vivekanandan, Anand V. Karthik, K. Banerjee
_bfor Class XII/
260 _aNew Delhi
_bS Chand School Books
_c2013
270 _bNew Delhi
_aA-27, 2nd Floor, Mohan Co-operative Industrial Estate
_e110044
300 _a1462p.
_c21cm(pbk)
942 _2ddc
_cEN
_h530
_mVIV